[Event "Valladolid op"]
[Site "Valladolid"]
[Date "2012.03.29"]
[Round "7"]
[White "Loza Matovelle, David"]
[Black "Sanchez Campos, Luis Antonio"]
[Result "1-0"]
[WhiteElo "1976"]
[BlackElo "1642"]
[PlyCount "53"]
[EventDate "2012.02.16"]
[EventType "swiss"]
[EventRounds "7"]
[EventCountry "ESP"]
[SourceTitle "EXT 2014"]
[Source "ChessBase"]
[SourceDate "2013.11.20"]
[SourceVersion "1"]
[SourceVersionDate "2013.11.20"]
[SourceQuality "1"]

1. d4 Nf6 2. Nc3 d5 3. Bg5 e6 4. e4 dxe4 5. Nxe4 Be7 6. Bxf6 Bxf6 7. Nf3 b6 8. c3 0-0 9. Bd3 Bb7 10. 0-0 Nd7 11. Qc2 g6 12. Nxf6+ Qxf6 13. Be4 c6 14. a4 a5 15. b4 axb4 16. cxb4 Rfc8 17. a5 Ba6 18. Rfc1 Bb5 19. Bd3 bxa5 20. Bxb5 cxb5 21. Qxc8+ Rxc8 22. Rxc8+ Kg7 23. bxa5 e5 24. dxe5 Nxe5 25. Nxe5 Qxe5 26. Rcc1 Qb8 27. a6 1-0